[Event "SA-2019-0-00676"]
[Site "LSS email"]
[Date "2019.03.26"]
[Round "?"]
[White "Gruber, Rudolf"]
[Black "Salzmann, Stefan"]
[Result "1/2-1/2"]
[WhiteElo "2154"]
[BlackElo "2221"]
[PlyCount "70"]
[EventDate "2019.03.05"]
[EventType "tourn (corr)"]
[EventRounds "6"]
[EventCountry "GER"]
[SourceTitle "Corr 2022"]
[Source "ChessBase"]
[SourceDate "2021.10.24"]
[SourceVersion "1"]
[SourceVersionDate "2021.10.24"]
[SourceQuality "1"]

1. e4 c5 2. Nf3 d6 3. d4 cxd4 4. Nxd4 Nf6 5. Nc3 a6 6. Bc4 e6 7. Bb3 Nbd7 8. Qe2 Nc5 9. 0-0 Be7 10. a3 Nxb3 11. cxb3 0-0 12. Rd1 e5 13. Nf3 Qb6 14. b4 Be6 15. Be3 Qc6 16. Bg5 h6 17. Bxf6 Bxf6 18. Nd5 Bxd5 19. Rxd5 Rac8 20. Rad1 Be7 21. Ne1 Qc4 22. Qf3 g6 23. R5d2 Rc6 24. g3 Qe6 25. h4 Rfc8 26. Ng2 h5 27. Ne3 Bf8 28. Kg2 Bh6 29. Rd5 b5 30. Qe2 Kh7 31. Qd3 Rd8 32. Qe2 Kg7 33. R1d2 Qe7 34. Qf3 Qd7 35. b3 Bxe3 1/2-1/2

[Event "SB-2019-0-00567"]
[Site "LSS email"]
[Date "2019.03.17"]
[Round "?"]
[White "Gruber, Rudolf"]
[Black "Sternik, Ryszard"]
[Result "1-0"]
[WhiteElo "2295"]
[BlackElo "1998"]
[PlyCount "99"]
[EventDate "2019.01.30"]
[EventType "tourn (corr)"]
[EventRounds "6"]
[EventCountry "GER"]
[SourceTitle "Corr 2022"]
[Source "ChessBase"]
[SourceDate "2021.10.24"]
[SourceVersion "1"]
[SourceVersionDate "2021.10.24"]
[SourceQuality "1"]

1. e4 c5 2. Nf3 e6 3. d4 cxd4 4. Nxd4 Nf6 5. Nc3 Nc6 6. Ndb5 d6 7. Bf4 e5 8. Bg5 a6 9. Na3 b5 10. Bxf6 gxf6 11. Nd5 Bg7 12. Bd3 Ne7 13. Nxe7 Qxe7 14. 0-0 0-0 15. c3 f5 16. Nc2 f4 17. Nb4 Bb7 18. Bc2 Rac8 19. Re1 a5 20. Nd5 Qg5 21. Kh1 Rb8 22. f3 Bc8 23. Qe2 Be6 24. Nc7 Bd7 25. Bd3 b4 26. Rec1 bxc3 27. Rxc3 Qd8 28. Rc2 Bf6 29. Rd1 Kg7 30. Ba6 Rb6 31. Nd5 Rc6 32. Nxf6 Qxf6 33. Rxc6 Bxc6 34. Qc4 Ba8 35. b3 d5 36. exd5 Rd8 37. h3 Rd6 38. Bb5 Qd8 39. Qc3 f6 40. Bc4 Qc7 41. Qe1 Bb7 42. Kh2 Qd8 43. Qg1 Kf8 44. a4 Qc7 45. Qf2 Bc8 46. Qe1 Bd7 47. Qe4 Be8 48. Bb5 Bxb5 49. axb5 Kg7 50. Qc4 1-0

[Event "RA-2019-0-00615"]
[Site "LSS email"]
[Date "2019.02.17"]
[Round "?"]
[White "Bubnov, Vladimir"]
[Black "Gruber, Rudolf"]
[Result "1-0"]
[WhiteElo "2262"]
[BlackElo "2295"]
[PlyCount "103"]
[EventDate "2019.01.04"]
[EventType "tourn (corr)"]
[EventRounds "6"]
[EventCountry "GER"]
[SourceTitle "Corr 2022"]
[Source "ChessBase"]
[SourceDate "2021.10.24"]
[SourceVersion "1"]
[SourceVersionDate "2021.10.24"]
[SourceQuality "1"]

1. d4 f5 2. c4 g6 3. Nf3 Bg7 4. g3 d6 5. Bg2 Na6 6. 0-0 c6 7. Nc3 Nf6 8. Rb1 Nc7 9. b3 0-0 10. Bb2 Rb8 11. e3 Qe8 12. Qc2 b6 13. Rfd1 h6 14. Nh4 Ng4 15. Nf3 Qf7 16. h3 Nf6 17. Nh4 Bd7 18. Nf3 Rfd8 19. Ne2 b5 20. Nd2 Na6 21. a3 g5 22. Ba1 Nc7 23. Bc3 Rf8 24. a4 b4 25. Bb2 a5 26. Rf1 Rbc8 27. Rbd1 Ne6 28. Nf3 Rfd8 29. Ne1 Qg6 30. Nd3 Be8 31. f3 Qh7 32. h4 Bf7 33. hxg5 hxg5 34. Kf2 Qg6 35. Ke1 Nf8 36. Rh1 N8d7 37. Kf2 Re8 38. Ndf4 gxf4 39. gxf4 Nd5 40. cxd5 cxd5 41. Qd3 e6 42. Rdg1 Rc7 43. Bf1 Qf6 44. Ke1 Rec8 45. Qb1 Kf8 46. Ng3 Bg6 47. Rh2 Qf7 48. Qd3 Ra7 49. Kd1 Nf6 50. Rhg2 Ke8 51. Ne2 Kd8 52. Rxg6 1-0